000 01305cam a2200373 a 4500
001 14439744
003 ARRUPE
005 20211026095439.0
008 060706s2007 mau b 001 0 eng
010 _a 2006046671
015 _2bnb
_aGBA710843
016 7 _a013661657
_2Uk
020 _a0262195550 (alk. paper)
020 _a9780262195553 (alk. paper)
020 _a026269347X (pbk. : alk. paper)
020 _a9780262693479 (pbk. : alk. paper)
035 _a(OCoLC)ocm70335380
035 _a(OCoLC)70335380
040 _aDLC
_cDLC
_dBAKER
_dC#P
_dYDX
_dYDXCP
_dUKM
_dBTCTA
_dDLC
050 0 0 _aBD212
_b.S88 2006
082 0 0 _a121/.4
_222
100 1 _aSutton, Jonathan,
_d1969-
_950616
245 1 0 _aWithout justification /
_cJonathan Sutton.
260 _aCambridge, Mass. :
_bMIT Press,
_cc2006.
300 _avi, 180 p. ;
_c23 cm.
490 0 _aBradford Books
500 _a"A Bradford book."
504 _aIncludes bibliographical references (p. [173]-177) and index.
650 0 _aJustification (Theory of knowledge)
650 0 _aKnowledge, Theory of.
906 _a7
_bcbc
_corignew
_d1
_eocip
_f20
_gy-gencatlg
942 _2lcc
_cMONOGRAPH
999 _c130949
_d130949